<?xml version="1.0" encoding="UTF-8"?>
<record
    xmlns:xsi="http://www.w3.org/2001/XMLSchema-instance"
    xsi:schemaLocation="http://www.loc.gov/MARC21/slim http://www.loc.gov/standards/marcxml/schema/MARC21slim.xsd"
    xmlns="http://www.loc.gov/MARC21/slim">

  <leader>00594nam a22001577a 4500</leader>
  <controlfield tag="003">OSt</controlfield>
  <controlfield tag="005">20160704150348.0</controlfield>
  <controlfield tag="008">160704b        xxu||||| |||| 00| 0 eng d</controlfield>
  <datafield tag="040" ind1=" " ind2=" ">
    <subfield code="c">RUA</subfield>
  </datafield>
  <datafield tag="082" ind1=" " ind2=" ">
    <subfield code="a">MNR DOR 2015 B499 Or.1</subfield>
  </datafield>
  <datafield tag="100" ind1=" " ind2=" ">
    <subfield code="9">8671</subfield>
    <subfield code="a">DORL PHEAKDEY, &#x178C;&#x179B; &#x1797;&#x1780;&#x17D2;&#x178F;&#x17B8;</subfield>
  </datafield>
  <datafield tag="245" ind1=" " ind2=" ">
    <subfield code="a">Maize production and market in leuk daek districts kandal province, &#x1795;&#x179B;&#x17B7;&#x178F;&#x1780;&#x1798;&#x17D2;&#x1798;&#x1793;&#x17B7;&#x1784;&#x200B;&#x1791;&#x17B8;&#x1795;&#x17D2;&#x179F;&#x17B6;&#x179A;&#x1796;&#x17C4;&#x178F;&#x1793;&#x17C5;&#x179F;&#x17D2;&#x179A;&#x17BB;&#x1780;&#x179B;&#x17BE;&#x1780;&#x178A;&#x17C2;&#x1780;&#x1781;&#x17C1;&#x178F;&#x17D2;&#x178F;&#x1780;&#x178E;&#x17D2;&#x178A;&#x17B6;&#x179B;</subfield>
  </datafield>
  <datafield tag="260" ind1=" " ind2=" ">
    <subfield code="a">Phnom Penh</subfield>
    <subfield code="b">RUA</subfield>
    <subfield code="c">2015</subfield>
  </datafield>
  <datafield tag="300" ind1=" " ind2=" ">
    <subfield code="a">xi; 56p.</subfield>
    <subfield code="b">ill.</subfield>
    <subfield code="c">29cm.</subfield>
  </datafield>
  <datafield tag="942" ind1=" " ind2=" ">
    <subfield code="2">ddc</subfield>
    <subfield code="c">MNR</subfield>
  </datafield>
  <datafield tag="999" ind1=" " ind2=" ">
    <subfield code="c">8316</subfield>
    <subfield code="d">8316</subfield>
  </datafield>
  <datafield tag="952" ind1=" " ind2=" ">
    <subfield code="0">0</subfield>
    <subfield code="1">0</subfield>
    <subfield code="2">ddc</subfield>
    <subfield code="4">0</subfield>
    <subfield code="6">MNR_DOR_2015_000000000000000_B499_OR_1</subfield>
    <subfield code="7">0</subfield>
    <subfield code="9">47827</subfield>
    <subfield code="a">LBB</subfield>
    <subfield code="b">LBB</subfield>
    <subfield code="c">B499</subfield>
    <subfield code="d">2016-07-04</subfield>
    <subfield code="l">1</subfield>
    <subfield code="o">MNR DOR 2015 B499 Or.1</subfield>
    <subfield code="p">RUA059212</subfield>
    <subfield code="r">2018-10-22</subfield>
    <subfield code="s">2018-10-05</subfield>
    <subfield code="w">2016-07-04</subfield>
    <subfield code="y">MNR</subfield>
  </datafield>
  <datafield tag="952" ind1=" " ind2=" ">
    <subfield code="0">0</subfield>
    <subfield code="1">0</subfield>
    <subfield code="2">ddc</subfield>
    <subfield code="4">0</subfield>
    <subfield code="6">MNR_DOR_2015_000000000000000_B499_OR_2</subfield>
    <subfield code="7">0</subfield>
    <subfield code="9">47828</subfield>
    <subfield code="a">LBB</subfield>
    <subfield code="b">LBB</subfield>
    <subfield code="c">B499</subfield>
    <subfield code="d">2016-07-04</subfield>
    <subfield code="l">1</subfield>
    <subfield code="o">MNR DOR 2015 B499 Or.2</subfield>
    <subfield code="p">RUA057354</subfield>
    <subfield code="r">2016-11-21</subfield>
    <subfield code="s">2016-11-21</subfield>
    <subfield code="w">2016-07-04</subfield>
    <subfield code="y">MNR</subfield>
  </datafield>
  <datafield tag="952" ind1=" " ind2=" ">
    <subfield code="0">0</subfield>
    <subfield code="1">0</subfield>
    <subfield code="2">ddc</subfield>
    <subfield code="4">0</subfield>
    <subfield code="6">MNR_DOR_2015_000000000000000_B499_OR_3</subfield>
    <subfield code="7">0</subfield>
    <subfield code="9">47829</subfield>
    <subfield code="a">LBB</subfield>
    <subfield code="b">LBB</subfield>
    <subfield code="c">B499</subfield>
    <subfield code="d">2016-07-04</subfield>
    <subfield code="o">MNR DOR 2015 B499 Or.3</subfield>
    <subfield code="p">RUA059016</subfield>
    <subfield code="r">2016-07-04</subfield>
    <subfield code="w">2016-07-04</subfield>
    <subfield code="y">MNR</subfield>
  </datafield>
  <datafield tag="952" ind1=" " ind2=" ">
    <subfield code="0">0</subfield>
    <subfield code="1">0</subfield>
    <subfield code="2">ddc</subfield>
    <subfield code="4">0</subfield>
    <subfield code="6">MNR_DOR_2015_000000000000000_B499_OR_4</subfield>
    <subfield code="7">0</subfield>
    <subfield code="9">47830</subfield>
    <subfield code="a">LBB</subfield>
    <subfield code="b">LBB</subfield>
    <subfield code="c">B499</subfield>
    <subfield code="d">2016-07-04</subfield>
    <subfield code="o">MNR DOR 2015 B499 Or.4</subfield>
    <subfield code="p">RUA057414</subfield>
    <subfield code="r">2016-07-04</subfield>
    <subfield code="w">2016-07-04</subfield>
    <subfield code="y">MNR</subfield>
  </datafield>
  <datafield tag="952" ind1=" " ind2=" ">
    <subfield code="0">0</subfield>
    <subfield code="1">0</subfield>
    <subfield code="2">ddc</subfield>
    <subfield code="4">0</subfield>
    <subfield code="6">MNR_DOR_2015_000000000000000_B499_OR_5</subfield>
    <subfield code="7">0</subfield>
    <subfield code="9">47831</subfield>
    <subfield code="a">LBB</subfield>
    <subfield code="b">LBB</subfield>
    <subfield code="c">B499</subfield>
    <subfield code="d">2016-07-04</subfield>
    <subfield code="o">MNR DOR 2015 B499 Or.5</subfield>
    <subfield code="p">RUA057411</subfield>
    <subfield code="r">2016-07-04</subfield>
    <subfield code="w">2016-07-04</subfield>
    <subfield code="y">MNR</subfield>
  </datafield>
</record>
